Tamil Nadu district census handbook, Salem: village-wise mother tongue data for border Taluks (Record no. 509160)

000 -LEADER
fixed length control field 00452cam a22001337a 4500
008 - FIXED-LENGTH DATA ELEMENTS--GENERAL INFORMATION
fixed length control field 180718b1972 xxu||||| |||| 00| 0 eng d
082 ## - DEWEY DECIMAL CLASSIFICATION NUMBER
Classification number A81x5452 In2/51/15s
100 ## - MAIN ENTRY--PERSONAL NAME
Personal name Arputhanathan, J.I.
9 (RLIN) 4757
245 ## - TITLE STATEMENT
Title Tamil Nadu district census handbook, Salem: village-wise mother tongue data for border Taluks
Statement of responsibility, etc by J.I. Arputhanathan
260 ## - PUBLICATION, DISTRIBUTION, ETC. (IMPRINT)
Place of publication, distribution, etc Madras
Name of publisher, distributor, etc Government Press
Date of publication, distribution, etc 1955
300 ## - PHYSICAL DESCRIPTION
Extent 8p.
440 ## - SERIES STATEMENT/ADDED ENTRY--TITLE
Title Census of India 1951.
9 (RLIN) 4758
942 ## - ADDED ENTRY ELEMENTS (KOHA)
Source of classification or shelving scheme
Holdings
Withdrawn status Lost status Source of classification or shelving scheme Damaged status Koha normalized classification for sorting Not for loan Permanent location Current location Date acquired Full call number Barcode Date last seen Price effective from Koha item type
        A_81X5452_IN2_51_000000000000000_15S   Indian Institute of Public Administration Indian Institute of Public Administration 2019-04-25 A81x5452 In2/51/15s GG33987 2019-04-25 2019-04-25 GG

Powered by Koha